| 000 | 00000nam 2200000za 4500 |
| 001 | 9.699207 |
| 003 | CaOODSP |
| 005 | 20210625000257 |
| 007 | cr ||||||||||| |
| 008 | 150407|1992||||xxc|||||o f|0| 0 eng d |
| 040 | |aCaOODSP|beng |
| 043 | |an-cn--- |
| 086 | 1 |aA53-1883/1992E-PDF |
| 110 | 1 |aCanada.|bAgriculture Canada.|bResearch Branch. |
| 245 | 10|aGrazing management of native grasslands. Handbook 1. Foothills fescue prairie / |h[electronic resource]|c[by] W.D. Willms, B.W. Adams [and] J.F. Dormaar. |
| 260 | |aOttawa - Ontario : |bAgriculture Canada. |c1992. |
| 300 | |a36p.|bfigs., references, table, ill. |
| 500 | |aHistorical publication digitized by Agriculture and Agri-Food Canada. Contents: Introduction.--Plant species.--Range condition.--Stocking rates.--Grazing interval.--Grazing systems.--Overgrazed rangeland.--Species recommended for the foothill fescue prairie.--Reestablishing native prairie.--Undesirable plants.--Other disturbances.--Suggested reading. |
| 590 | |a14-11-Supp|b2014-05-21 |
| 690 | 07|aGrasslands|2gcpds |
| 690 | 07|aPrairie ecosystems|2gcpds |
| 720 | 1 |aWillms, J. Douglas |
| 775 | 08|tGestion du pâturage dans les herbages naturels. Manuel n° 1, Prairie à fétuque des avant-monts des Rocheuses / |w(CaOODSP)9.643161 |
| 776 | 0#|tGrazing management of native grasslands, handbook 1: Foothills fescue prairie / |w(CaOODSP)9.645122 |
| 856 | 40|ahttp://publications.gc.ca|qPDF|s2.7 MB|uhttps://publications.gc.ca/collections/collection_2014/aac-aafc/agrhist/A53-1883-1992-eng.pdf |
| 986 | |a1883/E |